000 01263nam0a22003011 4500
001 rc\77378
005 20251215173120.0
010 _a5-86595-109-2
_950000
035 _a(NLR Aleph) 005348115
090 _a6766942
_c6766942
100 _a20021216d1994 u y0rusy50 ca
101 0 _arus
102 _aRU
105 _aa |||||||||
200 1 _aШантаж
_e[Романы
_eФр. детектив
_eПер. с фр.
_fХудож. М. Драко]
210 _aМ. и др.
_cИнтердайджест
_d1994
215 _a342, [7] с.
_cил.
_d22
225 1 _aСупер
_eКриминальный клуб
327 1 _aСодерж.: Шантаж / Ж. Брюс. Лифт на эшафот / Н. Калеф. Бег зайца / С. Жапризо
464 0 _12001#$aШантаж
_1700#1$3RU\NLR\AUTH\770156235$aБрюс$bЖ.$f1921-1963$gЖан
_tШантаж
_aБрюс, Жан (1921-1963)
464 0 _12001#$aЛифт на эшафот
_1700#1$aКалеф$bН.
_tЛифт на эшафот
_aКалеф, Н.
464 0 _12001#$aБег зайца
_1700#1$aЖапризо$bС.
_tБег зайца
_aЖапризо, С.
801 0 _aRU
_bNLR
_gpsbo
801 1 _aRU
_bELAR
_2rusmarc
852 _aNLR
_j94-5/1467
942 _cBOOK
980 _aNB